000 00744nam a2200229 a 4500
999 _c12252
_d12252
001 12252
003 BD-JhCC
005 20210901093219.0
008 210901b20072021bg a|||| ||a| 000 0 Ben d
020 _a9789840426157
035 _a(BD-JhCC)12252
040 _aBD-JhCC
_dBD-JhCC
041 _abengali
082 _a891.4409
_bISL 2021
245 _aহাজার বছরের বাংলা সাহিত্য /
_cসম্পাঃ রফিকুল ইসলাম ।
260 _aঢাকা:
_bআগামী প্রকাশনী;
_c২০২১.
300 _a967 p. :
_bill;
_c24 cm .
650 _aHistory of Bengali Literature
700 _a ইসলাম,রফিকুল
942 _2ddc
_cBK